Alteraciones visuales que inciden en la lecto-escritura : (Record no. 1882)

MARC details
000 -CABECERA
campo de control de longitud fija 00818nam a2200205 a 4500
005 - FECHA Y HORA DE LA ÚLTIMA TRANSACCIÓN
campo de control 20250225063822.0
008 - ELEMENTOS DE LONGITUD FIJA--INFORMACIÓN GENERAL
campo de control de longitud fija 991125s1981 es 000 0 spa u
035 ## - NÚMERO DE CONTROL DEL SISTEMA
Número de control de sistema UPN01000001882
049 ## - COLECCIÓN
Colección CE
050 #4 - SIGNATURA TOPOGRÁFICA DE LA BIBLIOTECA DEL CONGRESO
Número de clasificación LB1733
Número de documento/Ítem P74 no.3
100 1# - ASIENTO PRINCIPAL--NOMBRE PERSONAL
Nombre de persona Alcalá García, Tomás
245 10 - MENCIÓN DE TÍTULO
Título Alteraciones visuales que inciden en la lecto-escritura :
Resto del título diagnóstico y recuperación psicovisual y educativa /
Mención de responsabilidad, etc. Tomás Alcalá García.
260 ## - PUBLICACIÓN, DISTRIBUCIÓN, ETC.
Lugar de publicación, distribución, etc. Madrid :
Nombre del editor, distribuidor, etc. CEPE,
Fecha de publicación, distribución, etc. 1981.
300 ## - DESCRIPCIÓN FÍSICA
Extensión 30 p. :
Otras características físicas il. +
Material acompañante/anejo 4 objetos
440 #0 - MENCIÓN DE SERIE/ASIENTO SECUNDARIO--TÍTULO
Título Tests y psicodiagnóstico ;
Designación de volumen o secuencia 3
500 ## - NOTA GENERAL
Nota general Incluye: 1 hoja optotipo de visión lejana para ser utilizada a 3 metros de distancia -- Test de la visión de los valores -- 1 lámina negra -- 1 lentes negros con agujeros
650 #4 - ASIENTO SECUNDARIO DE MATERIA - TERMINO TEMATICO
Término de materia o nombre geográfico como elemento de entrada Lectoescritura
9 (RLIN) 2985
650 #4 - ASIENTO SECUNDARIO DE MATERIA - TERMINO TEMATICO
Término de materia o nombre geográfico como elemento de entrada VISTA
9 (RLIN) 6762
905 ## - TIPO DE MATERIAL
Tipo de material Libro
Holdings
Estado de retiro Estado de pérdida Fuente del sistema de clasificación o colocación Estado dañado Restricciones de uso No para préstamo Código de colección Localización permanente Ubicación/localización actual Ubicación en estantería Fecha de adquisición Clasificación Código de barras Fecha visto por última vez Número de copia Tipo de ítem Koha
    Library of Congress Classification   Préstamo por horas   Test y pruebas Bib. Gregorio Torres Quintero Bib. Gregorio Torres Quintero Colecciones especiales Planta alta 13/09/2022 LB1733 P74 no.3 20292F 31/12/2020 1 Conjunto (Kit)
    Library of Congress Classification   Préstamo por horas   Test y pruebas Bib. Gregorio Torres Quintero Bib. Gregorio Torres Quintero Colecciones especiales Planta alta 13/09/2022 LB1733 P74 no.3 20290F 31/12/2020 1 Conjunto (Kit)
    Library of Congress Classification     Coleccion Esp. Colección Especial Bib. Gregorio Torres Quintero Bib. Gregorio Torres Quintero Colección Especial 02/05/2023 LB1733 P74 no.3 20291F 31/12/2020 1 Libro